000 02090nam a2200409 c 4500
003 BLK
005 20180422093234.0
008 180412b bul|||||r ||||||| ||bul||
010 _aKNG00003835000
020 _a954-584-003-Х
_bиздат.: Абагар Холдинг
020 _a954-584-004-8
_bиздат.: Абагар Холдинг - на том(т. 1)
040 _aBLK
041 _aBUL
_cBUL
080 _aОбщи енциклопедии. Енциклопедични речници. Научни справочници. Отраслови енциклопедии и справочници се класират в съответните отдели с определител за форма
_b03
_x
_z03
080 _aМатематика. Естествени науки
_b5
_x(031)
_z5(031)
700 1 _aТейлър, Ким
_eавт. на том
_9246370
700 1 _aМихайлова-Гечева, Боряна
_eпрев. на том
_9363494
139 _aПърви стъпки в науката
_bП 97
245 1 0 _aПърви стъпки в науката
_bДет. енциклопедия : Т. 1 -
_cавт. на том Ким Тейлър; прев. на том Боряна Михайлова-Гечева.
_nТ. 1
_pДвижението
257 _aGBR
260 София
_bАбагар Холдинг
_c1993 -
300 _c29 см
380 _aDN
500 _aОфс. изд. - Предм. показалец.
650 4 _aЕнциклопедии, детски
_9154962
650 4 _aДвижение - енциклопедии
_9246371
653 _aдвижение
653 _aенциклопедии
653 _aдетска литература
653 _aлитература за деца
760 1 _3- на том(т. 1)
_dАбагар Холдинг, 1993
_h32 с. : с цв. ил.
_nОриг. загл. Action / Kim Taylor.
_tТ. 1 Движението
852 _aЦб ІІ 11688
856 4 _qpdf
_u
856 4 _qpdf
_u
942 _cKNG
_n0
944 _aCR
_c20.03.2003
_lф /
_kЛюдмила_Стоянова
944 _aED
_c09.01.2014
_lф /
_k
999 _c2808
_d2808